000 00932nam a2200253 a 4500
001 BRCA_1797
005 20190320203544.0
008 910716s1983 mx-a---##c---#000-0#spa-#
020 _a9687009039
040 _aDLC
_cDLC
_dDLC
050 4 _aND250
_b.O78 1983
100 1 _aOrtiz Macedo, Luis
_91569
245 1 0 _aLa colección de arte del Banco Nacional de México
_bun legado a la cultura mexicana, siglos XVII-XX
_cLuis Ortiz Macedo.
260 _aMéxico
_bFomento Cultural Banamex
_c1983
300 _a184 p.
_bil. a color
_c31 cm.
500 _aIncluye índice de ilustraciones
500 _aColección Sonia Corcuera de Mancera
500 _aEstado físico: encuadernado, enero 2013
610 2 4 _aBanco Nacional de México
_vCatálogos
_xColecciones de arte
_95601
650 1 4 _aPintura mexicana
_vCatálogos
_93411
650 1 4 _aPintura
_vCatálogos
_xColecciones privadas
_zMéxico
_94949
902 _aDSC
942 _2lcc
_cB
999 _c1578
_d1578